El Proceso de modernización de la gestión pública costarricense: en busca de nuevas alternativas /

Gespeichert in:
Bibliographische Detailangaben
1. Verfasser: Carranza Villalobos, Carlos Enrique
Format: Text
Schlagworte:
Tags: Tag hinzufügen
Keine Tags, Fügen Sie den ersten Tag hinzu!

MARC

LEADER 00000 a a2200000 04500
001 89
003
040
100 |a Carranza Villalobos, Carlos Enrique  
245 |a El Proceso de modernización de la gestión pública costarricense:   |b en busca de nuevas alternativas /  |c Carlos Enrique Carranza Villalobos 
650 |a ESTADO  
650 |a MODERNIZACION  
650 |a SOCIEDAD CIVIL  
650 |a PARATICIPACION SOCIAL  
650 |a CRISIS ECONOMICA  
650 |a PROBLEMAS POLITICOS  
650 |a PROBLEMAS SOCIALES  
650 |a EMPLEO  
650 |a PRODUCCION  
650 |a EMPRESAS PRIVADAS  
650 |a IMPUESTOS  
650 |a PAE I  
650 |a PAE II  
650 |a PAE III  
773 |g número 30; páginas 71-84  
999 |c 25357  |d 25357 
773 0 |0 18806  |9 2160  |a Universidad Nacional de Costa Rica  |d Heredia: C.R.: EUNA  |o SIABUC-FICHA 86  |t ABRA  |x 14093928